| 000 | 00801cam a2200241 4500 | ||
|---|---|---|---|
| 008 | 090401t1997 xxu||||| |||| 00| 0 eng d | ||
| 020 | _a0853084017 | ||
| 035 | _a(Sirsi) u37511 | ||
| 041 | _aeng | ||
| 050 | _a692.2 | ||
| 100 | _aBickford-Smith, Stephen | ||
| 245 | _aParty walls: the new law. | ||
| 260 |
_aBristol _bJordans _c1997 |
||
| 300 | _axxiv,190p. ; 24cm. | ||
| 350 | _a30 | ||
| 520 | _aAnalysis of the new law, detailing the new rights and remedies created covering the building of new walls, repairs and excavations. Includes an overview of the new dispute resolution procedures introduced by the Act. | ||
| 650 | _aPARTY WALL ETC ACT 1996 | ||
| 650 |
_aParty walls _96258 |
||
| 690 | _aBUILT ENVIRONMENT | ||
| 700 | _aSydenham, Colin | ||
| 942 | _n0 | ||
| 948 | _c04/03/1997 | ||
| 999 |
_c90489 _d90489 |
||